00477nam a2200169 a 4500008004100000020002200041100002000063245006200083250001200145260003700157300003400194650002500228650002700253003000100280005001700281040000900298  a0124982549 (pbk.)1 aMims, Cedric A. 4aThe Pathogenesis Of Infectious Disease /cCedric A. Mims. a2nd ed. aLondon :bacademic press,c1982. aix, 297 p. :bill. ;c23 cm.  aInfectious diseases. aCommunicable disease. 20230123122000.0 cNUST